Southville International School and Colleges
Your cart is empty.
  • Cart
  • Lists
    Public lists Eva Luna New books Lux_list list_1
    Your lists Log in to create your own lists
  • Log in to your account
  • Your cookies
  • Search history
Southville International School and Colleges
  • Advanced search
  • Recent comments
  • Most popular
  • Libraries

Log in to your account

Log in with GOOGLE


If you do not have an external account, but do have a local account, you can still log in:

  1. Home
  2. MARC view: The railway children /
Normal view MARC view ISBD view

The railway children / (Record no. 7531)

[ view plain ]
MARC details
000 -LEADER
fixed length control field 01432cam a2200385 a 4500
001 - CONTROL NUMBER
control field 1562741
003 - CONTROL NUMBER IDENTIFIER
control field OSt
005 - DATE AND TIME OF LATEST TRANSACTION
control field 20140310181935.0
008 - FIXED-LENGTH DATA ELEMENTS--GENERAL INFORMATION
fixed length control field 921112r1993 nyua j 000 1 eng
010 ## - LIBRARY OF CONGRESS CONTROL NUMBER
LC control number 92055074
020 ## - INTERNATIONAL STANDARD BOOK NUMBER
International Standard Book Number 1875481095
040 ## - CATALOGING SOURCE
Original cataloging agency DLC
Transcribing agency DLC
Modifying agency DLC
042 ## - AUTHENTICATION CODE
Authentication code lcac
050 00 - LIBRARY OF CONGRESS CALL NUMBER
Classification number PZ 7
Item number .N458 1993
082 00 - DEWEY DECIMAL CLASSIFICATION NUMBER
Classification number CLA
Item number N36r 1993
100 1# - MAIN ENTRY--PERSONAL NAME
Personal name Nesbit, E.
Fuller form of name (Edith),
Dates associated with a name 1858-1924.
9 (RLIN) 3340
245 14 - TITLE STATEMENT
Title The railway children /
Statement of responsibility, etc E. Nesbit
260 ## - PUBLICATION, DISTRIBUTION, ETC. (IMPRINT)
Date of publication, distribution, etc Australia :
Place of publication, distribution, etc McPersons Printing,
Name of publisher, distributor, etc c1993.
300 ## - PHYSICAL DESCRIPTION
Extent 193 p. :
Other physical details 18 cm.
440 #0 - SERIES STATEMENT/ADDED ENTRY--TITLE
Title Everyman's library children's classics
9 (RLIN) 3250
541 ## - IMMEDIATE SOURCE OF ACQUISITION NOTE
-- 1
541 ## - IMMEDIATE SOURCE OF ACQUISITION NOTE
-- 2
562 ## - COPY AND VERSION IDENTIFICATION NOTE
Number of copies 2
650 #1 - SUBJECT ADDED ENTRY--TOPICAL TERM
Topical term or geographic name as entry element Family life
General subdivision Fiction.
9 (RLIN) 3341
650 #1 - SUBJECT ADDED ENTRY--TOPICAL TERM
Topical term or geographic name as entry element Brothers and sisters
General subdivision Fiction.
9 (RLIN) 3342
650 #1 - SUBJECT ADDED ENTRY--TOPICAL TERM
Topical term or geographic name as entry element Railroads
General subdivision Fiction.
9 (RLIN) 3343
650 #1 - SUBJECT ADDED ENTRY--TOPICAL TERM
Topical term or geographic name as entry element Country life
Geographic subdivision England
General subdivision Fiction.
9 (RLIN) 3344
651 #1 - SUBJECT ADDED ENTRY--GEOGRAPHIC NAME
Geographic name England
General subdivision Fiction.
9 (RLIN) 3345
700 1# - ADDED ENTRY--PERSONAL NAME
Personal name Brock, C. E.
Fuller form of name (Charles Edmund),
Dates associated with a name 1870-1938,
Relator term ill.
9 (RLIN) 3346
856 42 - ELECTRONIC LOCATION AND ACCESS
Materials specified Contributor biographical information
Uniform Resource Identifier <a href="http://www.loc.gov/catdir/enhancements/fy0902/92055074-b.html">http://www.loc.gov/catdir/enhancements/fy0902/92055074-b.html</a>
856 42 - ELECTRONIC LOCATION AND ACCESS
Materials specified Publisher description
Uniform Resource Identifier <a href="http://www.loc.gov/catdir/enhancements/fy0902/92055074-d.html">http://www.loc.gov/catdir/enhancements/fy0902/92055074-d.html</a>
906 ## - LOCAL DATA ELEMENT F, LDF (RLIN)
a 7
b cbc
c orignew
d 1
e ocip
f 19
g y-gencatlg
942 ## - ADDED ENTRY ELEMENTS (KOHA)
Source of classification or shelving scheme Library of Congress Classification
Koha item type
Call number prefix
Holdings
Withdrawn status Lost status Source of classification or shelving scheme Damaged status Home library Current library Shelving location Date acquired Total Checkouts Full call number Barcode Date last seen Copy number Price effective from Koha item type
    Library of Congress Classification   Luxembourg Library Luxembourg Library Classic Section 07/23/2013   PZ 7 .N458 1993 4046 08/13/2013 1 07/23/2013 Books
    Library of Congress Classification   Luxembourg Library Luxembourg Library Classic Section 07/23/2013   PZ 7 .N458 1993 2490 08/13/2013 2 07/23/2013 Books

The railway children /

APA

Nesbit E., Brock C. E., .The railway children. McPersons Printing: c1993.

Chicago

Nesbit E, Brock C E, .The railway children. McPersons Printing: c1993.

Harvard

Nesbit E., Brock C. E., .The railway children. McPersons Printing: c1993.

MLA

Nesbit E, Brock C E, .McPersons Printing: c1993. .

  • Place hold
  • Print
  • Cite
  • Add to your cart (remove)
  • Save record
    BIBTEX Dublin Core MARCXML MARC (non-Unicode/MARC-8) MARC (Unicode/UTF-8) MARC (Unicode/UTF-8, Standard) MODS (XML) RIS
  • More searches
    Search for this title in:
    Other Libraries (WorldCat) Other Databases (Google Scholar) Online Stores (Bookfinder.com) Open Library (openlibrary.org)

Exporting to Dublin Core...

SOUTHVILLE LIBRARY

Southville International School and Colleges Library

1281 Tropical Ave. Cor. Luxembourg St., BF Homes International, Las Pinas City

Tel. No. 8256374 / 252358 Loc. 117/146

Powered by Koha